Poema para un nuevo libro / (Record no. 49123)

MARC details
000 -LEADER
campo de control de longitud fija 00557nam a2200181 i 4500
001 - NÚMERO DE CONTROL
campo de control 49123
003 - IDENTIFICADOR DE NÚMERO DE CONTROL
campo de control ES-MaACL
005 - FECHA Y HORA DE LA ÚLTIMA TRANSACCIÓN
campo de control 20240104063009.0
007 - CAMPO FIJO DE DESCRIPCIÓN FÍSICA--INFORMACIÓN GENERAL
campo de control de longitud fija t|
008 - DATOS DE LONGITUD FIJA--INFORMACIÓN GENERAL
campo de control de longitud fija 030708s1962 sp ||||1| spa d
100 0# - ENTRADA PRINCIPAL--NOMBRE DE PERSONA
Nombre de persona Corredor-Matheos, José,
Fechas asociadas al nombre 1929-
9 (RLIN) 40776
245 10 - MENCIÓN DEL TÍTULO
Título Poema para un nuevo libro /
Mención de responsabilidad, etc. José Corredor-Matheos.
260 ## - PUBLICACIÓN, DISTRIBUCIÓN, ETC.
Lugar de publicación, distribución, etc. Barcelona :
Nombre del editor, distribuidor, etc. Instituto de Estudios Hispánicos,
Fecha de publicación, distribución, etc. 1962.
300 ## - DESCRIPCIÓN FÍSICA
Extensión 61 p., 4 lám. ;
Dimensiones 23 cm.
500 ## - NOTA GENERAL
Nota general Premio Boscan 1961.
852 ## - LOCALIZACIÓN
Ubicación ES-MaACL
Número de control de estantería C-22557
Sublocalización o colección R.51257
Holdings
Estatus retirado Estado de pérdida Estado de daño No para préstamo Biblioteca de origen Biblioteca actual Ubicación en estantería Fecha de adquisición Fuente de adquisición Total de préstamos Signatura topográfica completa Código de barras Visto por última vez Precio de reemplazo Tipo de ítem Koha
        Biblioteca del Ateneo de Madrid Biblioteca del Ateneo de Madrid Galería 17/01/2008     C-22557 1051695 23/02/2023 23/02/2023 Libro impreso